| 000 | 01796cam a22004814i 4500 | ||
|---|---|---|---|
| 003 | PE-LiUPU | ||
| 005 | 20250731172828.0 | ||
| 020 |
_a9788499450025 _q(Tomo IV) |
||
| 035 | _a(Sirsi) i9788499450025 | ||
| 040 |
_aPE-LiUPU _bspa _cPE-LiUPU _erda |
||
| 041 | 1 |
_aspa _heng |
|
| 049 | _aPRUA | ||
| 082 | 0 | 4 |
_a232.908 _bM38 |
| 100 | 1 |
_aMeier, John P., _eautor. |
|
| 245 | 1 | 3 |
_aUn judío marginal : _bnueva visión del Jesús histórico / _cJohn P. Meier. |
| 264 | 1 |
_aEstella (Navarra) : _bVerbo Divino, _c2010. |
|
| 300 |
_a734 páginas ; _c24 centímetros |
||
| 336 |
_atext _2rdacontent |
||
| 337 |
_aunmediated _2rdamedia |
||
| 338 |
_avolume _2rdacarrier |
||
| 505 | 0 | _aEl Jesús histórico es el Jesús haláquico -- Jesús y la ley - pero ¿Qué es la ley? Enseñanza de Jesús sobre el divorcio -- La prohibición de los juramentos -- Jesús y el sábado. Jesús y las leyes de pureza. Ampliando el foco: los mand | |
| 526 | _aSEG42 | ||
| 526 | _aSEG41 | ||
| 526 | _aSEG40 | ||
| 526 | _aSEG39 | ||
| 526 | _aP94 | ||
| 526 | _aP87 | ||
| 526 | _aP86 | ||
| 526 | _aP85 | ||
| 526 | _aP77 | ||
| 526 | _aP76 | ||
| 526 | _aP35 | ||
| 650 | 1 | 4 |
_aJesucristo _xHistoricidad. |
| 650 | 1 | 4 |
_aJesucristo _xJudaísmo. |
| 700 | 1 |
_aFernández Martínez, Serafín, _etraductor. |
|
| 910 |
_cng _d20140630 |
||
| 942 |
_2ddc _cBOOK |
||
| 949 |
_a232.908 M38 _wDEWEY _c1 _i69489 _lCCODEBUL1 _mBUL _p123.00 _r0 _sY _tBOOK _u2015-7-6 _xTEOLOGIA _PP35 _0COMPRA _o.STAFF. Colección General |
||
| 994 |
_aC0 _bPEPRU |
||
| 596 | _a1 | ||
| 999 |
_a232.908 M38 _wDEWEY _c6030 _i69489 _f2021-11-10 _g5 _lCCODEBUL1 _mBUL _p123.00 _r0 _sY _tBOOK _u2015-7-6 _xTEOLOGIA _PP35 _0COMPRA _o.STAFF. Colección General _d6030 |
||
| 980 |
_81 _gALBERTO SANCHEZ Responsable de Automatización |
||